|
|
|
|
| LEADER |
00783nab a2200229 i 4500 |
| 001 |
acta84548 |
| 005 |
20240314114956.0 |
| 008 |
240314s2023 hu o 0|| hun d |
| 022 |
|
|
|a 0237-7934
|
| 024 |
7 |
|
|a 10.14232/aetas.2023.1.179-187
|2 doi
|
| 040 |
|
|
|a SZTE Egyetemi Kiadványok Repozitórium
|b hun
|
| 041 |
|
|
|a hun
|
| 100 |
1 |
|
|a Sauer Walter
|
| 245 |
1 |
2 |
|a A Habsburgok "gyarmatbirodalma" és az osztrák identitás
|h [elektronikus dokumentum] /
|c Sauer Walter
|
| 260 |
|
|
|c 2023
|
| 300 |
|
|
|a 179-187
|
| 490 |
0 |
|
|a Aetas
|v 38 No. 1
|
| 650 |
|
4 |
|a Bölcsészettudományok
|
| 650 |
|
4 |
|a Történettudomány és régészet
|
| 695 |
|
|
|a Habsburg Birodalom története
|
| 700 |
0 |
1 |
|a Vukman Péter
|
| 856 |
4 |
0 |
|u http://acta.bibl.u-szeged.hu/84548/1/aetas_2023_001_179-187.pdf
|z Dokumentum-elérés
|